Normal view
MARC view
Entry Personal Name
001 - CONTROL NUMBER
- control field: 13995
003 - CONTROL NUMBER IDENTIFIER
- control field: NUST
005 - DATE AND TIME OF LATEST TRANSACTION
- control field: 20190326092919.0
008 - FIXED-LENGTH DATA ELEMENTS
- fixed length control field: 190326|| aca||aabn | a|a d
040 ## - CATALOGING SOURCE
- Original cataloging agency: NUST
- Transcribing agency: NUST
100 ## - HEADING--PERSONAL NAME
- Personal name:
- General subdivision: ALGEBRA
670 ## - SOURCE DATA FOUND
- Source citation: Work cat.: (NUST): Gilbert Strang 10675, Introduction to LINEAR ALGEBRA, 2009
